|
|
|
|
| LEADER |
01858nam a2200517 a 4500 |
| 001 |
000631753 |
| 003 |
CZ BrMZK |
| 005 |
20130220121259.0 |
| 007 |
ta |
| 008 |
021021s2002 xr g fbcze d |
| 015 |
|
|
|a cnb001180770
|
| 020 |
|
|
|a 80-903102-0-6
|
| 035 |
|
|
|a (OCoLC)85034302
|
| 040 |
|
|
|a BOA001
|b cze
|
| 041 |
1 |
|
|a cze
|h eng
|
| 043 |
|
|
|a e-gx---
|a e------
|
| 045 |
|
|
|a s8t4
|
| 072 |
|
7 |
|a 821.111-3
|x Anglická próza, anglicky psaná
|2 Konspekt
|9 25
|
| 080 |
|
|
|a 821.111-31
|2 MRF
|
| 080 |
|
|
|a 929
|2 MRF
|
| 080 |
|
|
|a 27-337
|2 MRF
|
| 080 |
|
|
|a 27-9"14/15"
|2 MRF
|
| 080 |
|
|
|a 274/278
|2 MRF
|
| 080 |
|
|
|a 2-6+316.72/.75
|2 MRF
|
| 080 |
|
|
|a (430)
|2 MRF
|
| 080 |
|
|
|a (4)
|2 MRF
|
| 080 |
|
|
|a (0:82-312.6)
|2 MRF
|
| 100 |
1 |
|
|a Fearon, Mike
|7 xx0003063
|4 aut
|
| 245 |
1 |
0 |
|a Martin Luther /
|c Mike Fearon ; [z anglického originálu přeložil Milan Koldinský]
|
| 250 |
|
|
|a Vyd. 1.
|
| 260 |
|
|
|a Jindřichův Hradec :
|b Stefanos,
|c 2002
|
| 300 |
|
|
|a 108 s. ;
|c 19 cm
|
| 600 |
0 |
7 |
|a Luther, Martin,
|d 1483-1546
|7 jn19990005235
|2 czenas
|
| 650 |
0 |
7 |
|a křesťanští reformátoři
|7 ph122146
|z Německo
|y 15.-16. stol.
|2 czenas
|
| 650 |
0 |
7 |
|a reformace
|7 ph125063
|z Německo
|y 15.-16. stol.
|2 czenas
|
| 650 |
0 |
7 |
|a protestantismus
|7 ph124663
|z Německo
|y 15.-16. stol.
|2 czenas
|
| 655 |
|
7 |
|a anglické romány
|7 fd131814
|2 czenas
|
| 655 |
|
7 |
|a biografické romány
|7 fd131905
|2 czenas
|
| 651 |
|
7 |
|a Evropa
|7 ge137210
|x náboženské a kulturní poměry
|y 15.-16. stol.
|2 czenas
|
| 700 |
1 |
|
|a Koldinský, Milan
|7 jx20040205010
|4 trl
|
| 765 |
0 |
|
|t Martin Luther
|9 Česky
|
| 910 |
|
|
|a BOA001
|b 1-1107.801
|
| 990 |
|
|
|a BK
|
| 991 |
|
|
|f B-FEA
|
| 996 |
6 |
|
|b 2610172566
|c 1-1107.801
|l MZK
|r Sklad / do 1 hodiny
|n 2
|p p.v.
|w 000631753
|u 000010
|a 1
|e BOA001
|j MZK50
|s P
|
| 996 |
7 |
|
|b 2610179904
|c 1-1107.801
|l MZK
|r Sklad / do 1 hodiny
|n 41
|p kup
|w 000631753
|u 000020
|a 1
|e BOA001
|j MZK50
|s A
|